[Event "Hamburg St Pauli op-B"]
[Site "Hamburg"]
[Date "2011.07.09"]
[Round "1"]
[White "Rogozenco, Teodora Nana"]
[Black "Lorsbach, Heinz"]
[Result "1/2-1/2"]
[WhiteElo "1427"]
[BlackElo "1750"]
[PlyCount "67"]
[EventDate "2011.07.09"]
[EventType "swiss"]
[EventRounds "9"]
[EventCountry "GER"]
[SourceTitle "CBM 143 Extra"]
[Source "ChessBase"]
[SourceDate "2011.08.29"]
[SourceVersion "1"]
[SourceVersionDate "2011.08.29"]
[SourceQuality "1"]

1. Nf3 d5 2. d4 Nf6 3. c4 Bg4 4. Ne5 dxc4 5. Nxg4 Nxg4 6. e4 Nf6 7. Nc3 e6 8. Bxc4 Bb4 9. e5 Nd5 10. Bd2 c5 11. Nxd5 Bxd2+ 12. Qxd2 exd5 13. Bb5+ Nc6 14. dxc5 0-0 15. f4 Nd4 16. Be2 Nxe2 17. Kxe2 Qd7 18. Kf2 a5 19. Rhd1 Rfd8 20. Kg1 Qb5 21. Rac1 Rac8 22. Qf2 Qa4 23. b3 Qe4 24. Rd4 Qg6 25. Qd2 b6 26. Rxd5 Rxd5 27. Qxd5 bxc5 28. Qd7 Qa6 29. Rc4 h6 30. Qd6 Qb7 31. Kf1 h5 32. Rxc5 Rxc5 33. Qxc5 Qe4 34. Qc1 1/2-1/2